| 000 | 00443nam a2200121Ia 4500 | ||
|---|---|---|---|
| 008 | 220216s9999 xx 000 0 und d | ||
| 100 | _aRoy S | ||
| 245 | 0 | _aReplacement of EPDM by a new polymer ENGAGE for elastomeric insulation of electric cables | |
| 260 |
_bProceedings of the International Conference on Rubbers, Calcutta, December 12-14, 1997, Vol. II, pp. 229-232. _c1997 |
||
| 700 | _aBhattacharya A S | ||
| 700 | _aDe S K | ||
| 942 | _cJS | ||
| 999 |
_c66741 _d66741 |
||